1288 1983 1613 1995 1357 1050 1513 1269 1072 1195 1228 1905 1680 1410 1118 1891 1705 1325 1238 1317 1853 1107 1341 1337 1897 1974 1617 1666 1315 1551 1076 1839 1314 1098 1483 1148 1783 1702 1632 1538 1570 1653 1390 1483 1394 1137 1476 1252 1140 1344 1767 1959 1748 1675 1700 1908 1725 1457 1880 1820 1975 1745 1934 1242 1349 1697 1077 1666 1317 1204 1553 1286 1673 1392 1683 1827 1169 1108 1569 1177 1936 1033 1531 1839 1040 1864 1156 1871 1893 1382 1474 1233 1781 1747 1692 1267 1798 1642 1000 BCNSPRNW ULIB Ver.6.0+V

เปลี่ยนเป็นภาษาไทย

Change to English
 แสดงรายละเอียดบรรณานุกรม
  กลับหน้าหลัก

Brief Record : Get Marc (ISO 2709) : E-mail record : QR code < ปิดหน้าต่าง
LEADER : 00000nam 2200000uu 4500
001    13399124093
003     ULIB
008    150115s2556||||th 000 0 tha d
020    ^a9786169129042
060  4 ^aWJ300^bน672
245 00 ^aNephrology board review 2013 /^cบรรณาธิการ พงศธร คชเสนี,ธนันดา ตระการวนิช, เกรียงศักดิ์ วารีแสงทิพย์
250    ^aพิมพ์ครั้งที่ 1
260    ^aกรุงเทพฯ :^b[สมาคมโรคไตแห่งประเทศไทย],^c2556
300    ^av, 403 หน้า :^bภาพประกอบ
500    ^aหนังสือประกอบการประชุมวิชาการประจำปี 2556 Short Course inNephrology เรื่อง Nephrology Board Review Course 2013ในวันที่ 13-14 กรกฎาคม 2556 จัดโดย สมาคมโรคไตแห่งประเทศไทย
505 0  ^a--^tPrinciple of Sodium and Water Disorders --^tSolve the Puzzle of Potassium Disorders --^tStrategic Approach to Metabolic Acidosis and RTA --^tPractical Points of Metapolic Alkalosis --^tPitfalls in Menagement of Common Divalent lon Disorders --^tWhat the Intemists Should Know about Primary Glomerular Diseases --^tPractical Approach to Rapidly Progressive Glomerular Diseases --^tKidney Diseases in Pregnancy --^tupus Nephritis for Intemists --^tAcute Kidney Injury:2013 Update --^tToxic Nephropathy and Contrast-Induced Acute Kidney Injury --^tInvestigation and Option of Treatment for Renovascular Disease --^tCommon Cystic Kidney Diseases for Intemists --^tMedical Aspects fo Kidney Stones --^tNutrition and Kidney Disease --^tComprehensive Approach to Diabetic Kidney Disease
650  7 ^aโรคไต^xการวินิจฉัย
650  7 ^aโรคไต^xการรักษา
650  7 ^aไต^xโรค^xการวินิจฉัย
650  7 ^aไต^xโรค^xการรักษา
700 0  ^aพงศธร คชเสนี,^eบรรณาธิการ
700 0  ^aธนันดา ตระการวนิช,^eบรรณาธิการ
700 0  ^aเกรียงศักดิ์ วารีแสงทิพย์,^eบรรณาธิการ
710 2  ^aสมาคมโรคไตแห่งประเทศไทย
945    ^p500^l0^i038252
945    ^p500^l0^i038253
945    ^p500^l0^i038254
945    ^p500^l0^i038255
945    ^p500^l0^i038256
945    ^p500^l0^i038257
945    ^p500^l0^i038258
945    ^p500^l0^i038259
999    ^aเกษร โพธิ์สุวรรณ
รายการนี้ยังไม่มีแท็ก
คุณยังไม่ได้ล็อกอิน คุณสามารถมีกิจกรรมร่วมกับเว็บไซต์ได้ แต่ต้องล็อกอินก่อน ::
  ล็อกอิน

รายการสื่อสารสนเทศ

ลำดับที่ ประเภท เลขเรียก/บาร์โค้ด สถานที่ สถานะ
1. วิทยาศาสตร์การแพทย์ และสุขภาพ
หนังสือสำรอง
สถานะ=หนังสือสำรอง
WJ300 น672 ฉ.1 
  Barcode: 038252
ห้องสมุดวิทยาเขตสวรรค์ประชารักษ์
►ส่วนจัดเก็บหนังสือเก่า สปร
บนชั้น
  ขอยืม
2. วิทยาศาสตร์การแพทย์ และสุขภาพ
วิทยาศาสตร์การแพทย์ และสุขภาพ
WJ300 น672 ฉ.2 
  Barcode: 038253
ห้องสมุดวิทยาเขตสวรรค์ประชารักษ์
►ส่วนจัดเก็บหนังสือเก่า สปร
บนชั้น
  ขอยืม
3. วิทยาศาสตร์การแพทย์ และสุขภาพ
วิทยาศาสตร์การแพทย์ และสุขภาพ
WJ300 น672 ฉ.3 
  Barcode: 038254
ห้องสมุดวิทยาเขตสวรรค์ประชารักษ์
►หนังสือทั่วไป
ถูกยืม กำหนดส่งวันที่ 1 กันยายน 2565
  จอง
4. วิทยาศาสตร์การแพทย์ และสุขภาพ
วิทยาศาสตร์การแพทย์ และสุขภาพ
WJ300 น672 ฉ.4 
  Barcode: 038255
ห้องสมุดวิทยาเขตสวรรค์ประชารักษ์
►ส่วนจัดเก็บหนังสือเก่า สปร
บนชั้น
  ขอยืม
5. วิทยาศาสตร์การแพทย์ และสุขภาพ
วิทยาศาสตร์การแพทย์ และสุขภาพ
WJ300 น672 ฉ.5 
  Barcode: 038256
ห้องสมุดวิทยาเขตสวรรค์ประชารักษ์
►ส่วนจัดเก็บหนังสือเก่า สปร
บนชั้น
  ขอยืม
6. วิทยาศาสตร์การแพทย์ และสุขภาพ
วิทยาศาสตร์การแพทย์ และสุขภาพ
WJ300 น672 ฉ.6 
  Barcode: 038257
ห้องสมุดวิทยาเขตสวรรค์ประชารักษ์
►ส่วนจัดเก็บหนังสือเก่า สปร
บนชั้น
  ขอยืม
7. วิทยาศาสตร์การแพทย์ และสุขภาพ
วิทยาศาสตร์การแพทย์ และสุขภาพ
WJ300 น672 ฉ.7 
  Barcode: 038258
ห้องสมุดวิทยาเขตสวรรค์ประชารักษ์
►ส่วนจัดเก็บหนังสือเก่า สปร
บนชั้น
  ขอยืม
8. วิทยาศาสตร์การแพทย์ และสุขภาพ
วิทยาศาสตร์การแพทย์ และสุขภาพ
WJ300 น672 ฉ.8 
  Barcode: 038259
ห้องสมุดวิทยาเขตสวรรค์ประชารักษ์
►ส่วนจัดเก็บหนังสือเก่า สปร
บนชั้น
  ขอยืม

รายการใกล้เคียง
    หัวเรื่อง [ไต โรค การวินิจฉัย]
    หัวเรื่อง [ไต โรค การรักษา]

BibComment


ยังไม่เคยถูกคอมเมนท์

คอมเมนท์ทรัพยากรรายการนี้
  คอมเมนท์: Nephrology board..


 Copyright 2026. Bcnsprnw @Library